Представление документа в формате MARC21

Поле Инд. ПП Название Значение
Тип записи a
Библиографический уровень b
001 Контрольный номер RU/IS/BASE/126872810
005 Дата корректировки 20210224160016.8
084 a Индекс другой классификации/Индекс ББК 60.561.51
100 1_ a Автор Бергер Б.
245 a Заглавие Нуклеарная семья как первооснова цивилизации в исторической перспективе
c Ответственность перевод с английского Д. Чурмантеева, научный редактор перевода А. И. Антонов
504 a Библиография Библиогр. ссылки
650 a Основная рубрика социология
a Основная рубрика социология семьи
653 a Ключевые слова историческая социология
a Ключевые слова нуклеарная семья
a Ключевые слова семья
700 a Автор Чурмантеев Д.
e Роль лиц Переводчик
700 a Автор Антонов А. И.
e Роль лиц редактор перевода
773 t Заглавие источника Вестник Московского университета. Серия 18, Социология и политология
d Дата издания источника 2003
g Прочая информация № 3. - С. 93 - 100
w Контрольный № источника RU/IS/BASE/121270811
901 t Тип документа b